IA: Intel·ligència Artificial = AI: Artifical Intelligence / AI: Artifical Intelligence /
MARC
| LEADER | 00000nam a22000007a 4500 | ||
|---|---|---|---|
| 001 | 28330 | ||
| 003 | AGDB | ||
| 005 | 20260324181520.0 | ||
| 008 | 231025b spa||||| |||| 00| 0 cat d | ||
| 017 | |a B 16546-2023 | ||
| 020 | |a 9788419091772 | ||
| 040 | |a agdb |b cat | ||
| 041 | |a cat |a eng | ||
| 245 | |a IA: Intel·ligència Artificial = |b AI: Artifical Intelligence / |c Direcció: Lluís Nacenta i Jordi Torres ; Coordinació: Marina Palà Selva | ||
| 260 | |a Barcelona : |b Centre de Cultura Contemporània de Barcelona (CCCB) ; |c 2023 | ||
| 300 | |a 119 pàgs. ; |b fotografies i il·lustracions en color ; |c 24 cm | ||
| 504 | |a Conté cronologia (pàgs. 85-89). | ||
| 505 | |a Cada capítol està signat per un autor de referència sobre la matèria: | ||
| 505 | |t La màquina de parlar / |r Lluís Nacenta | ||
| 505 | |t Supercomputació i intel·ligència artificial / |r Jordi Torres | ||
| 505 | |t Intel·ligència artificial: arreu, enlloc, de pressa i a poc a poc / |r Suzanne Livingston | ||
| 505 | |t Sembla que siguin com nosaltres, però no son com nosaltres / |r Helga Nowotny | ||
| 505 | |t Intel·ligència artificial versus intel·ligència humana / |r Ramon López de Mántaras Badia | ||
| 505 | |t La doble vida de la intel·ligència artificial / |r Marta Peirano | ||
| 505 | |t El mite de la vida artificial: ciència o irreverència? / |r Teresa López-Pellisa | ||
| 546 | |a També en castellà (R. 28331). | ||
| 610 | 2 | 0 | |9 56162 |a Centre de Cultura Contemporània de Barcelona |v Exposicions |
| 650 | 0 | |9 69216 |a Intel·ligència artificial | |
| 650 | 0 | |9 69963 |a Intel·ligència artificial |x Exposicions | |
| 655 | 0 | |9 69807 |a Catàlegs d'exposicions | |
| 700 | 1 | |9 69961 |a Nacenta, Luis |e direcció | |
| 700 | 1 | |9 69962 |a Torres, Jordi |q (Torres Viñals) |e direcció | |
| 700 | 1 | |9 41454 |a Palà, Marina |e coordinació | |
| 710 | 2 | |a Centre de Cultura Contemporània de Barcelona |e entitat editora |9 52510 | |
| 942 | |2 udc |c ARXIU |n 1 | ||
| 952 | |0 0 |1 0 |4 0 |6 BIB1107 |7 1 |9 96375 |a Arxiu |b Arxiu |d 2023-10-25 |l 0 |o Bib-1107 |p 28330 |r 2023-10-25 00:00:00 |w 2023-10-25 |y ARXIU | ||
| 999 | |c 128199 |d 128199 | ||